000 00777nam a2200241 a 4500
005 20240229063552.0
008 140519s2006 mx r 000 0 spa d
020 _a9876020153 (10 dígitos)
020 _a9789876020152 (13 dígitos)
035 _aUPN01000197290
049 _aI
050 4 _aPZ78
_bA5.2
100 1 _aAndruetto, María Teresa,
_d1954-
_931102
245 1 3 _aEl árbol de lilas /
_cMaría Teresa Andruetto ; il. Liliana Menéndez.
260 _aCórdoba, Arg. :
_bComunicarte,
_c2006.
300 _a[24] p. :
_bil. col.
440 0 _aVaquita de San Antonio
650 4 _aLiteratura infantil argentina
_97511
650 4 _aAMOR -
_vLITERATURA INFANTIL
_911101
650 4 _aLibros y lectura para niños
_92290
905 _aInfantil
999 _c169391
_d169391